[Event "Fide Mercenarios 57th"]
[Site "Mexico City"]
[Date "2001.??.??"]
[Round "3"]
[White "Vazquez, Elias"]
[Black "Del Corro, Jesus"]
[Result "1/2-1/2"]
[WhiteElo "2005"]
[BlackElo "2000"]
[PlyCount "58"]
[EventDate "2001.??.??"]
[EventType "swiss"]
[EventRounds "5"]
[EventCountry "MEX"]
[SourceTitle "EXT 2003"]
[Source "ChessBase"]
[SourceDate "2002.11.25"]
[SourceVersion "1"]
[SourceVersionDate "2002.11.25"]
[SourceQuality "1"]

1. c4 Nf6 2. Nf3 c6 3. g3 d5 4. cxd5 cxd5 5. Bg2 Nc6 6. d4 e6 7. Nc3 Be7 8. 0-0 0-0 9. a3 b6 10. b4 Bb7 11. b5 Na5 12. Ne5 Rc8 13. Bd2 Nc4 14. Nxc4 Rxc4 15. e3 Qd7 16. Qb3 Rfc8 17. Rfc1 h5 18. Bf1 R4c7 19. a4 h4 20. Na2 Rxc1 21. Rxc1 Rxc1 22. Bxc1 Ne4 23. Qc2 Bd6 24. Kg2 Qe7 25. Bd3 f5 26. f4 g5 27. Bxe4 dxe4 28. Kf1 gxf4 29. gxf4 Bd5 1/2-1/2

[Event "Fide Mercenarios 5th"]
[Site "Mexico City"]
[Date "1995.??.??"]
[Round "1"]
[White "Vazquez, Elias"]
[Black "Araiza Castro, Hugo Daniel"]
[Result "1-0"]
[WhiteElo "2000"]
[BlackElo "2120"]
[PlyCount "37"]
[EventDate "1995.??.??"]
[EventType "tourn"]
[EventRounds "11"]
[EventCountry "MEX"]
[SourceTitle "EXT 2000"]
[Source "ChessBase"]
[SourceDate "1999.11.16"]
[SourceVersion "1"]
[SourceVersionDate "1999.11.16"]
[SourceQuality "1"]

1. c4 e5 2. d3 Nf6 3. Nf3 Nc6 4. a3 a5 5. Nc3 Bc5 6. Bg5 h6 7. Bxf6 gxf6 8. g3 d6 9. Bg2 Bg4 10. h3 Be6 11. e3 Bb6 12. Nh4 f5 13. Nd5 Bxd5 14. Bxd5 Ne7 15. Bxb7 Rb8 16. Bg2 Qd7 17. b4 Ng6 18. b5 Nxh4 19. Bc6 1-0